000 00262nam a2200085Ia 4500
245 0 _aThat old Cape magic : a novel
100 _a Russo, Richard, , 1949- New York, 2009 1st large print ed
_945520
942 _cBK
008 210818s9999 xx 000 0 und d
999 _c434541
_d434540